000 00993na a2200325 4500
001 23152
003 MIRAKIL
005 20181213155024.0
008 170721b tu 000 0
020 _a9786059350945
040 _aMilas
_btur
_cTR-AnCHP
041 _atur
082 _aCHP 324.2172
_bY26p 2017
090 _aCHP 324.2172 Y26p 2017
100 _aYarkadaş, Barış
245 _aParti değil memleket meselesi Adalet
_cBarış Yarkadaş
246 _aAdalet Yürüyüşü
260 _aİstanbul
_bHalk kitabevi
_c2017
300 _a288 s.
_c21 sm.
650 _aYargı bağımsızlığı
_xTürkiye
650 _aYargılamalar
_xSorunlar
650 _aToplumsal hareketler
_xAdalet yürüyüşü, 2017
650 _aCHP
_xAdalet yürüyüşü
_y2017
650 _aSiyaset ve yönetim
_xTürkiye
657 _aHak, Hukuk, Adalet
657 _aAdalet Arayışı
657 _aMaltepe mitingi
740 _aKılıçdaroğlu adalet yürüyüşü
942 _2ddc
_cBKS
999 _c4988
_d4988